Statistics for Capital Cities within 1,000 km of Rome

Click here to take the quiz!

General Stats

  • This quiz has been taken 562 times
  • The average score is 19 of 23

Answer Stats

DBCAPITAL CITY% Correct
691324ºBern
96%
4283ºVatican City
96%
76423ºVienna
96%
227358ºSan Marino
93%
51732ºZagreb
88%
687165ºValletta
87%
72163ºBelgrade
86%
80939ºBudapest
86%
464296ºMonaco
86%
598199ºTunis
86%
922Prague
85%
52465ºSarajevo
84%
48819ºLjubljana
82%
61295ºTirana
82%
78327ºBratislava
81%
995234ºAlgiers
80%
629337ºVaduz
79%
73989ºSkopje
77%
89584ºSofia
77%
56183ºPodgorica
76%
71883ºPristina
76%
909274ºAndorra la Vella
68%
990330ºLuxembourg
61%

Score Distribution

Percentile by Number Answered

Percent of People with Each Score

Your Score History

You have not taken this quiz